| 000 | 01425cam a2200289 4500 | ||
|---|---|---|---|
| 008 | 040119n2003 000 0 eng u | ||
| 020 | _a0728204266 | ||
| 035 | _a(Sirsi) u124863 | ||
| 041 | _aeng | ||
| 050 |
_a333.0062 _c18 |
||
| 100 | _aMillington, A.F. | ||
| 245 | _aProfessional issues for property people | ||
| 260 |
_aLondon _bEstates Gazette _c2003 |
||
| 300 |
_aix, 256p. _c21cm. |
||
| 350 | _a25 | ||
| 520 | _aThe contents are based on a range of topics most of which have been of particular significance in recent years. Discusses the property professions; licensing, registration and self regulation of professions; the performance of professional bodies; education for professions; valuers; the operation of property markets; conventional valuation methods and modern valuation problems; accuracy in valuation; the valuation of specialist properties; the valuation of assets; the valuation of retail property; retailing in the future and retail property values; the landlord and tenant relationship; report writing; and service and improvement. | ||
| 650 | _aPROFESSIONAL ASSOCIATIONS | ||
| 650 | _aREGULATION | ||
| 650 | _aCAREERS, EDUCATION AND TRAINING | ||
| 650 |
_aValuation _96273 |
||
| 650 | _aPROPERTY MARKETS | ||
| 650 | _aRETAIL | ||
| 650 |
_aLANDLORD AND TENANT _96252 |
||
| 650 | _aREPORT WRITING | ||
| 690 | _aMANAGEMENT-BUSINESS MANAGEMENT-PROFESSIONAL PRACTICE | ||
| 942 | _n0 | ||
| 999 |
_c103300 _d103300 |
||